[Event "ROM-ch U10"]
[Site "Calimanesti"]
[Date "2014.04.09"]
[Round "5"]
[White "Vilcu, Matei Stefan"]
[Black "Macovei, Nicolae Cristian"]
[Result "1-0"]
[WhiteElo "1299"]
[BlackElo "1025"]
[PlyCount "95"]
[EventDate "2014.04.06"]
[EventType "swiss"]
[EventRounds "9"]
[EventCountry "ROU"]
[SourceTitle "CBM 160 Extra"]
[Source "ChessBase"]
[SourceDate "2014.07.01"]
[SourceVersion "1"]
[SourceVersionDate "2014.07.01"]
[SourceQuality "1"]

1. e4 e5 2. Nf3 Nc6 3. Bc4 d6 4. d4 Be6 5. d5 Bg4 6. dxc6 bxc6 7. Nc3 Nf6 8. Be3 d5 9. exd5 cxd5 10. Nxd5 Nxd5 11. Qxd5 Qxd5 12. Bxd5 Rd8 13. Bc6+ Bd7 14. Bxd7+ Rxd7 15. Nxe5 Rd8 16. Nc6 Ra8 17. Nxa7 Bd6 18. a4 Be5 19. c3 0-0 20. 0-0 Rfe8 21. Nc6 Bd6 22. b4 Re6 23. Nd4 Rh6 24. Bxh6 gxh6 25. b5 Rc8 26. a5 Rb8 27. a6 Ra8 28. c4 Bc5 29. Nb3 Bb6 30. c5 Bxc5 31. Nxc5 Kf8 32. Rfb1 Ke8 33. b6 cxb6 34. Rxb6 Ke7 35. a7 h5 36. Rb8 Rxa7 37. Rxa7+ Kd6 38. Ne4+ Ke5 39. Rb5+ Kxe4 40. Ra4+ Kd3 41. Rb3+ Kc2 42. Rg3 Kd2 43. Ra2+ Kc1 44. Re3 Kb1 45. Rae2 Kc1 46. Kf1 Kd1 47. Ra3 Kc1 48. Ra1# 1-0